Forest entomology. (Record no. 19351)

MARC details
000 -LEADER
fixed length control field 00402nam a2200157Ia 4500
082 ## - DEWEY DECIMAL CLASSIFICATION NUMBER
Classification number 595.7:630
Item number GRA
100 ## - MAIN ENTRY--AUTHOR NAME
Personal name GRAHAM, Samuel Alexander
245 #0 - TITLE STATEMENT
Title Forest entomology.
250 ## - EDITION STATEMENT
Edition statement Ed.3
260 ## - PUBLICATION, DISTRIBUTION, ETC. (IMPRINT)
Place of publication New York
Name of publisher McGraw Hill
Year of publication 1952
490 ## - SERIES STATEMENT
Series statement The American forestry series
650 ## - SUBJECT ADDED ENTRY--TOPICAL TERM
Topical Term Forest entomology
650 ## - SUBJECT ADDED ENTRY--TOPICAL TERM
Topical Term Insects
942 ## - ADDED ENTRY ELEMENTS (KOHA)
Koha item type Books
Holdings
Withdrawn status Lost status Damaged status Not for loan Home library Current library Date acquired Full call number Accession Number Koha item type
        RRII Library RRII Library 16/12/2021 595.7:630 GRA 00088 Books